[Event "Goodricke op 10th"]
[Site "Kolkata"]
[Date "1999.02.11"]
[Round "6"]
[White "Chandra Sekhar, TK."]
[Black "Gokhale, Anupama"]
[Result "1-0"]
[WhiteElo "2200"]
[BlackElo "2215"]
[PlyCount "31"]
[EventDate "1999.02.06"]
[EventType "swiss"]
[EventRounds "11"]
[EventCountry "IND"]
[SourceTitle "CBM 069 Extra"]
[Source "ChessBase"]
[SourceDate "1999.05.10"]
[SourceVersion "1"]
[SourceVersionDate "1999.05.10"]
[SourceQuality "1"]

1. d4 e6 2. Nf3 d5 3. Bg5 Nf6 4. e3 h6 5. Bh4 Bd6 6. Nbd2 Nbd7 7. Bd3 c5 8. c3 0-0 9. 0-0 e5 10. dxe5 Nxe5 11. Nxe5 Bxe5 12. f4 Bd6 13. e4 dxe4 14. Nxe4 Be7 15. Qf3 Nxe4 16. Qxe4 1-0

[Event "Goodricke op 10th"]
[Site "Kolkata"]
[Date "1999.02.07"]
[Round "2"]
[White "Chandra Sekhar, TK."]
[Black "Meera, Sai Ravi"]
[Result "1-0"]
[WhiteElo "2200"]
[BlackElo "2110"]
[PlyCount "57"]
[EventDate "1999.02.06"]
[EventType "swiss"]
[EventRounds "11"]
[EventCountry "IND"]
[SourceTitle "CBM 069 Extra"]
[Source "ChessBase"]
[SourceDate "1999.05.10"]
[SourceVersion "1"]
[SourceVersionDate "1999.05.10"]
[SourceQuality "1"]

1. d4 Nf6 2. Nf3 g6 3. Bg5 Bg7 4. Nbd2 0-0 5. e4 d6 6. c3 Nbd7 7. Bc4 h6 8. Bh4 e5 9. dxe5 dxe5 10. 0-0 Qe7 11. Qc2 a5 12. Rfe1 b6 13. Bd5 Rb8 14. Nc4 Ba6 15. Ne3 Qc5 16. Rad1 c6 17. Bb3 Qe7 18. a4 Nc5 19. Bc4 Rfe8 20. b4 b5 21. axb5 cxb5 22. Nd5 Qa7 23. Bxf6 bxc4 24. bxc5 Qxc5 25. Rb1 Bb5 26. Qa2 a4 27. Rb4 Re6 28. Bxg7 Kxg7 29. Ne3 1-0